東大合格者数10人以上の高校(2025年) - Statistics

General Stats
  • This quiz has been taken 41 times
  • The average score is 43 of 72
Answer Stats
人数 所在地 学校名 % Correct
150 東京 開成
96%
78 兵庫
96%
42 鹿児島 ラ・サール
89%
117 東京 筑波大学附属駒場
86%
75 千葉 渋谷教育学園幕張
86%
74 神奈川 横浜翠嵐
86%
19 東京 西
86%
28 東京 筑波大学附属
82%
26 奈良 東大寺学園
82%
21 千葉 千葉
82%
95 神奈川 聖光学院
79%
83 東京 麻布
79%
28 愛知 東海
79%
19 埼玉 大宮
79%
18 北海道 札幌南
79%
41 埼玉 浦和
75%
38 福岡 久留米大学附設
75%
23 京都 洛南
75%
81 東京 日比谷
71%
52 東京 桜蔭
71%
44 奈良 西大和学園
71%
20 栃木 宇都宮
71%
18 富山 富山中部
71%
15 岐阜 岐阜
71%
23 石川 金沢泉丘
68%
21 岡山 岡山朝日
68%
19 熊本 熊本
68%
13 東京 国立
68%
12 宮城 仙台第二
68%
11 大阪 北野
68%
10 三重 四日市
68%
32 兵庫 甲陽学院
64%
23 東京 武蔵
64%
20 愛知 岡崎
64%
18 神奈川 湘南
64%
16 静岡 静岡
64%
13 千葉 船橋
64%
12 福岡 修猷館
64%
10 大分 大分上野丘
64%
50 東京 渋谷教育学園渋谷
61%
39 東京 駒場東邦
61%
28 愛知 旭丘
61%
22 東京 東京学芸大学附属
61%
14 茨城 土浦第一
61%
12 愛媛 愛光
61%
11 静岡 浜松北
57%
55 神奈川 栄光学園
54%
17 千葉 市川
54%
12 埼玉 栄東
54%
10 大阪 大阪星光学院
54%
49 東京 海城
50%
28 東京 女子学院
50%
10 広島 広島大学附属福山
50%
51 神奈川 浅野
46%
30 東京 早稲田
46%
16 東京 小石川
46%
10 愛知
43%
10 埼玉 川越
39%
19 東京 豊島岡女子学園
36%
18 東京 攻玉社
36%
17 兵庫 白陵
36%
15 東京 本郷
32%
28 神奈川 洗足学園
29%
13 岡山 岡山大安寺
29%
12 北海道 北嶺
29%
15 東京 雙葉
25%
14 東京 桐朋
25%
12 茨城 並木
25%
18 東京 広尾学園
18%
10 大阪 高槻
18%
12 東京 東京都市大学付属
14%
10 東京 城北
7%
No matching quizzes found
Score Distribution
Percent of People with Each Score
Percentile by Number Answered
Your Score History
You have not taken this quiz